Mô học

Guardat en:
Dades bibliogràfiques
Autor principal: Trịnh, Bình
Format: Llibre
Idioma:Undetermined
Publicat: Hà Nội Y Học 2002
Matèries:
Etiquetes: Afegir etiqueta
Sense etiquetes, Sigues el primer a etiquetar aquest registre!
Thư viện lưu trữ: Trung tâm Học liệu Trường Đại học Cần Thơ
LEADER 00504nam a2200193Ia 4500
001 CTU_54572
008 210402s9999 xx 000 0 und d
020 |b 74000 
020 |c 74000 
082 |a 611.018 
082 |b B312 
100 |a Trịnh, Bình 
245 0 |a Mô học 
245 0 |c Trịnh Bình, Phạm Phan Địch và Đỗ Kính 
260 |a Hà Nội 
260 |b Y Học 
260 |c 2002 
650 |a Histology 
980 |a Trung tâm Học liệu Trường Đại học Cần Thơ